La educación popular en Chile: un esfuerzo de sistematización

Saved in:
Bibliografiske detaljer
Hovedforfatter: Gajardo, Marcela (Author)
Format: Bog
Sprog:spansk
Udgivet: Santiago PIIE 1982
Fag:
Tags: Tilføj Tag
Ingen Tags, Vær først til at tagge denne postø!

MARC

LEADER 00000nam a2200000 a 4500
001 UCY9041
003 CL-VaPUC
008 950707e19821200CL |||||||||||||||||spa|d
082 0 4 |a 306.43  |b GAJ  |2 21 
100 |a Gajardo, Marcela  |e author  |9 620161 
245 1 3 |a La educación popular en Chile: un esfuerzo de sistematización 
300 |a 58 h 
942 |c BK 
945 |d 19950707 00:00:00  |a lriquelm 
260 |a Santiago  |b PIIE  |c 1982 
650 0 |a Educación popular  |9 308964 
650 7 |a EDUCACION NO FORMAL  |2 CL-VaPUC  |9 308640 
650 0 |a Sociología de la educación   |9 260380 
650 0 |a Educación de adultos  |9 307580 
650 0 |a Educación rural   |9 308104 
583 |a last modification  |c 19950707 00:00:00  |k Rodrigo Vera 
999 |c 236214  |d 236212 
952 |0 0  |1 0  |4 0  |6 306_430000000000000_GAJ_1982  |7 0  |8 P  |9 244165  |a BIBEDU  |b BIBEDU  |c BIBEDU_PB  |d 2019-11-18  |i 1527835  |l 1  |o 306.43 GAJ 1982  |p 1527835  |r 2024-06-17  |s 2024-05-28  |w 2019-11-18  |y BK  |k EDU